00487nam a2200133Ia 4500008004100000100003100041245006600072245006000138260005300198260001800251300000800269650001500277856006100292170221s9999 xx 000 0 und d aJulya Vadimovna Ovcharenko aEconomic Efficiency Rating of Russian Industrial Enterprises  cJulya Vadimovna Ovcharenko, Elena Anatolyevna Bessonova bInternational Review of Management and Marketing cFebruary 2015 a4:1 xMarketing. uhttp://www.econjournals.com/index.php/irmm/issue/view/82